Guess the country by its flag (Medium) - Statistics

General Stats
  • This quiz has been taken 57 times
  • The average score is 28 of 30
Answer Stats
Picture Answer % Correct
Canada
100%
Japan
100%
Turkey
100%
Argentina
98%
Australia
98%
Brazil
98%
Italy
98%
Poland
98%
Sweden
98%
Greece
96%
India
96%
Russia
96%
Egypt
94%
Ireland
94%
South Africa
94%
South Korea
94%
Malaysia
91%
Mexico
91%
New Zealand
91%
Norway
91%
Saudi Arabia
91%
Switzerland
91%
Denmark
87%
Belgium
85%
Chile
85%
Indonesia
85%
Hungary
83%
Czech Republic
81%
Austria
79%
Singapore
77%
No matching quizzes found
Score Distribution
Percent of People with Each Score
Percentile by Number Answered
Your Score History
You have not taken this quiz